1990s X-Men Picture Find - Part III Quiz Stats

 Plays Quiz not verified by Sporcle

Score 0/33 Timer 05:00
1 Play Today
% Correct
Iceman
94.8%
Cyclops
94.5%
Beast
94.2%
Professor X
93.7%
Storm
93.3%
Angel
93.1%
Wolverine
92.6%
Nightcrawler
91.7%
Jean Grey
89.8%
Colossus
88.1%
Gambit
87.9%
Rogue
84.1%
Sabretooth
82.3%
Bishop
81.9%
Havok
75.8%
Dazzler
71.9%
Cable
69%
% Correct
Shadowcat
67.5%
Psylocke
67.2%
Banshee
67%
Jubilee
64%
Polaris
63.9%
Maggot
61.7%
Cecilia Reyes
61.4%
Longshot
60.7%
Marrow
60.3%
Forge
57.2%
Sunfire
56%
Cannonball
53%
X-Man
52.5%
Revanche
51.3%
Joseph
50.2%
Rachel Summers
45.9%

You're not logged in!

Compare scores with friends on all Sporcle quizzes.
OR
Log In

You Might Also Like...

Show Comments

Extras

Top Quizzes Today


Score Distribution

Your Account Isn't Verified!

In order to create a playlist on Sporcle, you need to verify the email address you used during registration. Go to your Sporcle Settings to finish the process.

Report this User

Report this user for behavior that violates our Community Guidelines.

Details: